00165nam a22000737a 4500003000400000245002900004260005000033300000800083SGT aPediatric Dental journal bJapanese society of Pediatric Dentistryc2022 a215